Introducing Python (Record no. 341100)

MARC details
000 -LEADER
fixed length control field 00435nam a2200169Ia 4500
008 - FIXED-LENGTH DATA ELEMENTS--GENERAL INFORMATION
fixed length control field 230718s9999 xx 000 0 und d
020 ## - INTERNATIONAL STANDARD BOOK NUMBER
International Standard Book Number 9789351108788
041 ## - LANGUAGE CODE
Language code of text/sound track or separate title eng
082 ## - DEWEY DECIMAL CLASSIFICATION NUMBER
Classification number 005.13'3
Item number LUB
100 ## - MAIN ENTRY--PERSONAL NAME
Personal name Lubanovic B.
245 ## - TITLE STATEMENT
Title Introducing Python
260 ## - PUBLICATION, DISTRIBUTION, ETC. (IMPRINT)
Date of publication, distribution, etc. 2014
Name of publisher, distributor, etc. SPD/O'Reilly
300 ## - PHYSICAL DESCRIPTION
Extent 452
365 ## - TRADE PRICE
Currency code Rs.
Price amount 750.00
700 ## - ADDED ENTRY--PERSONAL NAME
Personal name Lubanovic B.
906 ## - LOCAL DATA ELEMENT F, LDF (RLIN)
d O:0485416-Jan-2016B:SE/SI/247813-Oct-2015
c IT
b 937.5
Holdings
Withdrawn status Lost status Damaged status Not for loan Home library Current library Date acquired Vendor Budget Code Cost, normal purchase price Bill number Total Checkouts Full call number Barcode Date last seen Date last checked out Discount Cost, replacement price Bill Date Koha item type Original Barcode
        Cummins College of Engineering for Women Pune Cummins College of Engineering for Women Pune 16/01/2016 Suyog Enterprises IT 562.50 SE/SI/2478 12 005.13'3 CCEP-BK-52307 12/05/2026 17/03/2026 937.5 750.00 13/10/2015 Books 052307